| 000 | 00742nas a2200241 4500 | ||
|---|---|---|---|
| 001 | BR9511076 | ||
| 003 | BR-BrBNA | ||
| 005 | 20231205095605.0 | ||
| 007 | ta | ||
| 008 | 230509b bl.|||p| |||| 00| 00por d | ||
| 040 |
_aBR-BrBNA _bpor _cBiblioteca Nacional de Agricultura |
||
| 041 | _a(Pt) | ||
| 072 | _aF70 | ||
| 100 | 1 | _aJung-Mendacolli, S.L. | |
| 245 | 1 | _aFlora fanerogamica da reserva do Parque Estadual das Fontes do Ipiranga (Sao Paulo, Brasil); 155 - Rubiaceae | |
| 650 | _aRubiaceae | ||
| 650 | _aTaxonomia Vegetal | ||
| 650 | _aFlora | ||
| 650 | _aSao Paulo | ||
| 773 | 0 |
_tHoehnea (Brazil) _xISSN 0073-0912 _g(Dec 1994), v. 21(1-2) p. 97-129 _wBR9511076 |
|
| 909 |
_a202311 _bLúcia _c55 _dLúcia Elande |
||
| 942 |
_2AGRIS _n0 _cANA |
||
| 999 |
_c151549 _d151549 |
||